000 00715cam a2200241 4500
001 15539
005 20230410102138.0
008 060907s2003 dr spa
020 _a9993455555
035 _9funglode15667
041 _aspa
050 1 4 _a118 PQ 7409
_bA516v 2003
082 0 0 _aRD863.42
100 1 _aAmiama, Manuel Antonio,
_d1899-1991.
245 1 3 _aEl viaje :
_bensayo de novela de la vida capitaleña /
_cManuel A. Amiama
260 _aSanto Domingo :
_bSociedad Dominicana de Bibliófilos,
_c2003
300 _a251 p.
440 0 _aColección Bibliófilos 2000
650 4 _aNovela dominicana
650 4 _aLiteratura dominicana
650 0 _aDominican literature.
942 _2lcc
_cbk
999 _c19953
_d19953